Statistics for Famous Perry's

Click here to take the quiz!

General Stats

  • This quiz has been taken 4 times
  • The average score is 7 of 18

Answer Stats

HintAnswer% Correct
Actor that played Chandler on the TV show "Friends"Matthew
100%
Pop singer that kissed a girl and liked itKaty
75%
Actor, Producer & Director know for the "Medea" characterTyler
75%
Model and professional wrestler currently in the WWECatherine Joy
50%
Major League Baseball Hall of Famer famous for his spitballGaylord
50%
TV Host of the game show "$ale of the Century" and the "Miss Canada Pageant" in the 70's & 80'sJim
50%
Lead singer of the band 4 Non BlondesLinda
50%
Actor that played Dylan on the TV Show "Beverly HIlls, 90210"Luke
50%
Lead singer for the band JourneyStephen
50%
Former NFL defensive lineman nicknamed "The Refrigerator"William
50%
Nicknamed the Yin, he is the drummer for the band 'The Bloodhound Gang'Adam
25%
Actor known for his role as Gabe Duncan sitcom 'Good Luck Charlie'Bradley Steven
25%
Actress known for playing Nessa in 'Black Jesus'Dominique
25%
Director best known for 'Mommy Dearest'Frank
25%
Lead singer of the 'The Band Perry'Kimberly
25%
Lead singer of the bad 'A'Jason
0%
Actor known as playing Insp. Harvey Leek on the TV show 'Nash Bridges'Jeff
0%
Actor know for playing Sergeant David 'Deacon' Kay on the TV show 'S.W.A.T.'Rod
0%

Score Distribution

Percentile by Number Answered

Percent of People with Each Score

Your Score History

You have not taken this quiz